| 000 | 01046nac a22002771i 4500 | ||
|---|---|---|---|
| 003 | EG-ScBUE | ||
| 005 | 20240805105440.0 | ||
| 008 | 240805s1982 njua f 000 0 eng d | ||
| 020 | _a0391011669 | ||
| 040 |
_aEG-ScBUE _beng _erda _cEG-ScBUE _dEG-ScBUE |
||
| 043 | _ae-ie--- | ||
| 082 | 0 | 4 |
_a941.503 _bBAR _222 |
| 100 | 0 |
_aGiraldus, _cCambrensis, _d1146?-1223? _eauthor. |
|
| 240 | 1 | 0 |
_aTopographia Hibernia︠e︡. _lEnglish |
| 245 | 1 | 4 |
_aThe history and topography of Ireland / _cGerald of Wales ; here translated from the Latin by John J. O'Meara. |
| 264 | 1 |
_aAtlantic Highlands, NJ : _bHumanities Press Inc., _c1982. |
|
| 300 |
_a136 pages : _billustrations ; _c18 cm |
||
| 336 |
_2rdacontent _atext _btxt |
||
| 337 |
_aunmediated _2rdamedia _bn |
||
| 338 |
_avolume _bnc _2rdacarrier |
||
| 546 | _aText in English ; translated from the original Latin. | ||
| 651 | 7 |
_aIreland _xHistory _yTo 1172. _2BUEsh |
|
| 655 | _vReading book | ||
| 700 | 1 |
_a O'Meara, John J., _d1915-2003, _etranslator. |
|
| 942 |
_cBB _2ddc |
||
| 999 |
_c7214 _d7214 |
||